000 005090000a22001810004500
003 MACL
005 20160228131132.0
008 160228b xxu||||| |||| 00| 0 eng d
040 _aMACL
_cMACL
041 _aHindi
082 _a800
100 _aप्रेमचंद
_9305
245 _aसाहित्‍य का उददेश्‍य
260 _bहंस प्रकाशन
_c1983
_aइलाहाबाद
350 _a15
650 _aLiteracture
_939932
942 _cHIN
_k800
_2ddc
999 _c28500
_d28500